000 00579nam a22002057a 4500
005 20260515115114.0
008 250910b |||||||| |||| 00| 0 eng d
020 _a9788198823809
040 _aIN-DiNC
_cIN-DiNC
041 _dasm
082 _a371.33
_bSAI
100 _aSaikia, Tarun
_eauthor
245 _aShaikshik prajuktibidya (Minor5)
_cby Tarun Saikia and Runu Bora Saikia
250 _a1st ed.
260 _aJorhat:
_bBidya bhawan,
_c2025.
300 _a360p.
650 _aEducational technology (Minor5)
700 _aSaikia, Runu Bora
_eauthor
942 _2ddc
_cBK
999 _c12225
_d12225